বাংলা ভাষা বিষয়ক প্রবন্ধ /

Podrobná bibliografie
Hlavní autor: সরকার, তপতী রানী
Médium: Kniha
Jazyk:Bengali
Vydáno: ঢাকা : বাংলা অধ্যয়ন কেন্দ্র, ইউনিভার্সিটি অব লিবারেল আর্টস বাংলাদেশ, ২০২০.
Témata:
Classic Catalogue: View this record in Classic Catalogue
LEADER 01741nam a22003017a 4500
001 44985
003 BD-DhAAL
005 20251026171345.0
008 251026t2020 bg ||||| b||| 00| 0 ben d
020 |a 9789843484116 
020 |a 9789789843480 
040 |a BD-DhAAL  |c BD-DhAAL 
041 |a ben 
082 |a 491.4409  |2 23 
100 |a সরকার, তপতী রানী.  |9 59738 
245 |a বাংলা ভাষা বিষয়ক প্রবন্ধ /  |c তপতী রানী সরকার. 
246 2 1 |a Bangla vasha bishayak probando 
260 |a ঢাকা :  |b বাংলা অধ্যয়ন কেন্দ্র, ইউনিভার্সিটি অব লিবারেল আর্টস বাংলাদেশ,  |c ২০২০. 
300 |a ১১৮ পৃষ্ঠা ;  |c ২২ সে.মি. 
500 |a প্রথম প্রকাশ. 
504 |a গ্রন্থপঞ্জিগত নির্দেশিকা অন্তর্ভুক্ত। 
541 |a Complimentary copy from Professor Imran Rahman (Vice Chancellor, University of Liberal Arts Bangladesh (ULAB))  |e 44985 
650 |a Bengali language  |x History. 
650 |a Bengali language. 
852 |a Ayesha Abed Library  |c General Stacks 
942 |2 ddc  |c BK 
999 |c 47610  |d 47610 
952 |0 0  |1 0  |2 ddc  |4 0  |6 491_440900000000000_SAR  |7 0  |9 78404  |a BRACUL  |b BRACUL  |c NEW  |d 2025-10-26  |e Complimentary copy from Professor Imran Rahman (Vice Chancellor, University of Liberal Arts Bangladesh (ULAB))  |g 500.00  |l 0  |o 491.4409 SAR  |p 3010044985  |r 2025-10-26  |t 1  |v 1000.00  |w 2025-10-26  |y BK  |x Complimentary copy received from Professor Imran Rahman (Vice Chancellor, University of Liberal Arts Bangladesh (ULAB)) on 20 October 2025